Elementary of Indian economics. (Record no. 1161)

MARC details
000 -LEADER
fixed length control field 00480cam a2200193ua 4500
001 - CONTROL NUMBER
control field 1258
005 - DATE AND TIME OF LATEST TRANSACTION
control field 20260515113315.0
008 - FIXED-LENGTH DATA ELEMENTS--GENERAL INFORMATION
fixed length control field 110622n ii |||gr||||Z||||||eng
040 ## - CATALOGING SOURCE
Transcribing agency MAIN
082 ## - DEWEY DECIMAL CLASSIFICATION NUMBER
Classification number 330.954
245 1# - TITLE STATEMENT
Title Elementary of Indian economics.
Statement of responsibility, etc. By K K Dewett.
250 ## - EDITION STATEMENT
Edition statement 21st.
260 ## - PUBLICATION, DISTRIBUTION, ETC.
Place of publication, distribution, etc. New Delhi.:
Name of publisher, distributor, etc. S chand.,984.
300 ## - PHYSICAL DESCRIPTION
Extent 562 p.:
Dimensions 20 cm.
653 ## - INDEX TERM--UNCONTROLLED
Uncontrolled term Economics.
653 ## - INDEX TERM--UNCONTROLLED
Uncontrolled term Elementary of Indian economics.
700 1# - ADDED ENTRY--PERSONAL NAME
Personal name Dewett, K K.,
942 ## - ADDED ENTRY ELEMENTS (KOHA)
Koha item type Books
Holdings
Withdrawn status Lost status Damaged status Not for loan Home library Current library Shelving location Date acquired Total checkouts Full call number Barcode Date last seen Copy number Price effective from Koha item type
        Naharkatiya College Library Naharkatiya College Library General stacks 09/19/2020   330.954 | DEW 2015 09/19/2020 1 09/19/2020 Books